Transition financing building a better response

Guardado en:
Detalles Bibliográficos
Formato: Libro
Lenguaje:inglés
Publicado: Paris OECD 2010
Colección:Conflict and fragility
Materias:
Etiquetas: Agregar Etiqueta
Sin Etiquetas, Sea el primero en etiquetar este registro!

MARC

LEADER 00000nam$a2200000$$$4500
001 0124549
005 20240315121353.0
020 |a 978-92-64-08397-4 
041 0 |a eng 
044 |a FR 
245 1 0 |a Transition financing  |b building a better response 
264 1 |a Paris  |b OECD  |c 2010 
300 |a 132 s. 
490 1 |a Conflict and fragility 
830 0 |a Conflict and fragility 
610 2 0 |a armáda 
610 2 0 |a výskum vojenský 
610 2 0 |a konflikty 
610 2 0 |a financovanie 
610 2 0 |a štúdie prípadové